[Event "Ifjusagi csapatbajnoksag"]
[Site "Budapest"]
[Date "2015.08.27"]
[Round "3.34"]
[White "Geher, Koppany"]
[Black "Horvath, Balazs"]
[Result "1/2-1/2"]
[WhiteElo "1810"]
[BlackElo "2036"]
[PlyCount "90"]
[EventDate "2015.??.??"]

1. e4 e5 2. Nf3 Nc6 3. Bb5 a6 4. Ba4 Nf6 5. d3 d6 6. h3 Be7 7. O-O O-O 8. c3 b5
9. Bc2 Nb8 10. Re1 Nbd7 11. Nbd2 Re8 12. Nf1 Bf8 13. Ng3 g6 14. Be3 c5 15. Qd2
Bb7 16. Bh6 Bg7 17. Bxg7 Kxg7 18. Qg5 Kh8 19. d4 cxd4 20. cxd4 exd4 21. Rad1
Nc5 22. Qh6 Ne6 23. Bb3 Qb6 24. e5 Ng8 25. Qd2 Bxf3 26. gxf3 dxe5 27. Rxe5 Rad8
28. Re4 Nf6 29. Rh4 d3 30. Bxe6 fxe6 31. Qc3 e5 32. Rxd3 Nd5 33. Qb3 Qb7 34.
Ne4 Nf4 35. Rxd8 Rxd8 36. Ng5 Rd7 37. Kh2 h5 38. Qc3 Nd3 39. Nf7+ Rxf7 40. Qxd3
Qxf3 41. Qxf3 Rxf3 42. Kg2 Rf4 43. Rxf4 exf4 44. h4 Kg7 45. Kf3 Kf7 1/2-1/2

[Event "Ifjusagi csapatbajnoksag"]
[Site "Budapest"]
[Date "2015.08.27"]
[Round "3.35"]
[White "Hegedus, Dominik"]
[Black "Olle, Rebeka Sara"]
[Result "1-0"]
[WhiteElo "1769"]
[BlackElo "1813"]
[PlyCount "84"]
[EventDate "2015.??.??"]

1. e4 c5 2. Nf3 Nc6 3. c4 e6 4. Nc3 Nge7 5. d4 cxd4 6. Nxd4 Nxd4 7. Qxd4 Nc6 8.
Qd1 g6 9. Bf4 e5 10. Bg3 Qb6 11. Qd2 Bb4 12. a3 Qa5 13. O-O-O Nd4 14. Kb1 Bxc3
15. Qxc3 Qxc3 16. bxc3 Nc6 17. Rd5 f6 18. c5 Nd8 19. Bb5 h5 20. h4 Ne6 21. Rhd1
Rh7 22. Rd6 Nc7 23. Ba4 Na6 24. Rxf6 Nxc5 25. Bc2 b6 26. Rxg6 Kf7 27. Rg5 Bb7
28. Bxe5 Rg8 29. Rxg8 Kxg8 30. f3 Re7 31. Bb8 a6 32. Bc7 Re6 33. Bd6 Rg6 34.
Bxc5 bxc5 35. Rxd7 Bc6 36. Bb3+ Kf8 37. Rf7+ Ke8 38. Rc7 Kd8 39. Rh7 Rxg2 40.
Rxh5 Rf2 41. Rxc5 Bb7 42. Bd5 Bc8 1-0

[Event "Ifjusagi csapatbajnoksag"]
[Site "Budapest"]
[Date "2015.08.27"]
[Round "3.37"]
[White "Kovacs, Gabor Etele"]
[Black "Korpa, Bence"]
[Result "0-1"]
[WhiteElo "1899"]
[BlackElo "2433"]
[PlyCount "56"]
[EventDate "2015.??.??"]

1. e4 c5 2. c3 d5 3. exd5 Qxd5 4. d4 Nf6 5. Nf3 e6 6. Na3 a6 7. Nc4 Qd8 8. Bg5
Nc6 9. dxc5 Bxc5 10. Qxd8+ Kxd8 11. Nce5 Nxe5 12. Nxe5 Ke7 13. Bd3 h6 14. Bh4
Bd6 15. Nc4 Bc7 16. Ke2 b5 17. Ne3 Bb7 18. f3 Rhd8 19. Ng4 g5 20. Nxf6 gxh4 21.
Ne4 Rg8 22. g3 hxg3 23. hxg3 Bxg3 24. Rxh6 Bf4 25. Rh7 Rg2+ 26. Kf1 Rag8 27.
Rh1 Be3 28. Rd1 Rxb2 0-1

[Event "Ifjusagi csapatbajnoksag"]
[Site "Budapest"]
[Date "2015.08.27"]
[Round "3.38"]
[White "Nayhebaver, Martin"]
[Black "Bartok, David Dominik"]
[Result "1-0"]
[WhiteElo "2404"]
[BlackElo "1610"]
[PlyCount "77"]
[EventDate "2015.??.??"]

1. e4 d5 2. exd5 Qxd5 3. Nc3 Qa5 4. d4 c6 5. Bc4 Bf5 6. Nf3 e6 7. Bd2 Qc7 8.
Nh4 Bg6 9. h3 Be7 10. Nxg6 hxg6 11. Qe2 Nf6 12. O-O-O Nbd7 13. Kb1 O-O-O 14.
Bb3 Nb6 15. Bc1 Nbd5 16. Ne4 Nxe4 17. Qxe4 Nf6 18. Qf3 Rd7 19. g4 Bd6 20. c4
Rhd8 21. c5 Bf8 22. Bf4 Qa5 23. Be5 Nd5 24. Rd3 a6 25. Bc4 Nc7 26. Rc1 Nb5 27.
Bxb5 Qxb5 28. Rb3 Qa5 29. Qxc6+ Rc7 30. Qxc7+ Qxc7 31. Bxc7 Kxc7 32. Rc4 f5 33.
Rcb4 Rb8 34. Rb6 fxg4 35. hxg4 e5 36. dxe5 Bxc5 37. Rxg6 Rg8 38. Rc3 b6 39. b4
1-0

[Event "Ifjusagi csapatbajnoksag"]
[Site "Budapest"]
[Date "2015.08.27"]
[Round "3.39"]
[White "Moricz, Benedek"]
[Black "Acs, Petra"]
[Result "1/2-1/2"]
[WhiteElo "1383"]
[BlackElo "1746"]
[PlyCount "81"]
[EventDate "2015.??.??"]

1. e4 e6 2. d4 d5 3. Nd2 dxe4 4. Nxe4 Bd7 5. Bd3 Bc6 6. Nf3 Nd7 7. c3 Ngf6 8.
Bg5 h6 9. Nxf6+ Nxf6 10. Bh4 Be7 11. O-O Bxf3 12. Qxf3 c6 13. Rfe1 O-O 14. Rad1
Re8 15. Bg3 Bd6 16. Be5 Qe7 17. Bxf6 Qxf6 18. Qxf6 gxf6 19. Re4 f5 20. Re2 Kh8
21. Bc2 Rg8 22. Rf1 Rg4 23. f3 Rg5 24. f4 Rg4 25. g3 h5 26. Rf3 Rag8 27. Rg2 h4
28. Kf1 b6 29. Bd1 R4g6 30. Rd3 Bxf4 31. Bh5 R6g7 32. Bxf7 Rxf7 33. gxf4 Rxg2
34. Kxg2 Rg7+ 35. Kf3 Kg8 36. Rd2 h3 37. Ke3 Kf7 38. Rf2 Kf6 39. Rf3 Rg2 40.
Rf2 Rg4 41. Rf3 {Ke5 Ke4+} 1/2-1/2

[Event "Ifjusagi csapatbajnoksag"]
[Site "Budapest"]
[Date "2015.08.27"]
[Round "3.40"]
[White "Szabo, Balint"]
[Black "Moricz, Aurel"]
[Result "1/2-1/2"]
[WhiteElo "1619"]
[BlackElo "1365"]
[PlyCount "36"]
[EventDate "2015.??.??"]

1. e4 e6 2. d4 d5 3. exd5 exd5 4. Bd3 Bd6 5. h3 Ne7 6. Nf3 O-O 7. O-O Bf5 8.
Be3 Nd7 9. Nc3 c6 10. Ne2 Qc7 11. Qd2 Bxd3 12. Qxd3 Rfe8 13. Rfe1 Ng6 14. a3
Re7 15. h4 Rae8 16. h5 Nf4 17. Nxf4 Bxf4 18. Bxf4 Qxf4 1/2-1/2

[Event "Ifjusagi csapatbajnoksag"]
[Site "Budapest"]
[Date "2015.08.27"]
[Round "3.41"]
[White "Revesz, Hunor"]
[Black "Acs, Kristof"]
[Result "1/2-1/2"]
[WhiteElo "1265"]
[BlackElo "1665"]
[PlyCount "64"]
[EventDate "2015.??.??"]

1. e4 e5 2. Nf3 Nc6 3. Bc4 Bc5 4. c3 Nf6 5. d4 exd4 6. e5 Ng4 7. cxd4 Bb4+ 8.
Bd2 Bxd2+ 9. Qxd2 d6 10. h3 Nh6 11. exd6 Qxd6 12. O-O O-O 13. Nc3 a6 14. Rfe1
b5 15. Bb3 Na5 16. Bc2 Nc4 17. Qd3 Bf5 18. Qe2 g6 19. Bxf5 Nxf5 20. d5 Rae8 21.
Qxe8 Rxe8 22. Rxe8+ Kg7 23. b3 Nb6 24. Rd1 Qd7 25. Re5 Qd6 26. Re8 Qc5 27. Ne4
Qa3 28. Nc3 Qb2 29. Rd3 b4 30. Re2 Qc1+ 31. Nd1 Qc5 32. Red2 Nd6 1/2-1/2

[Event "Ifjusagi csapatbajnoksag"]
[Site "Budapest"]
[Date "2015.08.27"]
[Round "3.43"]
[White "Szajbely, Zsigmond"]
[Black "Kokeny, Norbert Adrian"]
[Result "1/2-1/2"]
[WhiteElo "2241"]
[BlackElo "2123"]
[PlyCount "30"]
[EventDate "2015.??.??"]

1. c4 c5 2. Nc3 Nc6 3. g3 g6 4. Bg2 Bg7 5. a3 d6 6. Rb1 Bf5 7. d3 Qd7 8. h4 Rb8
9. Nh3 a6 10. Nf4 b5 11. cxb5 axb5 12. O-O h6 13. Nfd5 Nf6 14. b4 Nxd5 15. Nxd5
Be6 1/2-1/2

[Event "Ifjusagi csapatbajnoksag"]
[Site "Budapest"]
[Date "2015.08.27"]
[Round "3.44"]
[White "Simon, Lili"]
[Black "Szilassi, Abel"]
[Result "1/2-1/2"]
[WhiteElo "2077"]
[BlackElo "1968"]
[PlyCount "56"]
[EventDate "2015.??.??"]

1. Nf3 d5 2. g3 Nf6 3. Bg2 e6 4. c4 c5 5. O-O Nc6 6. cxd5 exd5 7. d4 Bf5 8. a3
c4 9. Ne5 Qb6 10. Nxc6 bxc6 11. Nc3 Bd6 12. e4 Nxe4 13. Nxe4 Bxe4 14. Re1 O-O
15. Bxe4 dxe4 16. Rxe4 Rad8 17. Qc2 Qb3 18. Qe2 Bc7 19. Rh4 Rfe8 20. Be3 Rb8
21. Qh5 Qd3 22. Rd1 Qc2 23. Rc1 Qd3 24. Rc3 Qb1+ 25. Rc1 Qd3 26. Rd1 Qc2 27.
Rd2 Qc1+ 28. Rd1 Qc2 1/2-1/2

[Event "Ifjusagi csapatbajnoksag"]
[Site "Budapest"]
[Date "2015.08.27"]
[Round "3.45"]
[White "Valyi, Blanka Borbala"]
[Black "Bege, Levente"]
[Result "0-1"]
[WhiteElo "1895"]
[BlackElo "1966"]
[PlyCount "92"]
[EventDate "2015.??.??"]

1. d4 d5 2. Nf3 Nf6 3. g3 e6 4. Bg2 c5 5. O-O Nc6 6. c4 dxc4 7. Qa4 Bd7 8. Qxc4
b5 9. Qd3 c4 10. Qd1 Rc8 11. Re1 Bb4 12. Bd2 Bxd2 13. Nbxd2 Qb6 14. Nf1 O-O 15.
e4 Rfe8 16. Qd2 Rcd8 17. Rad1 Bc8 18. Qc3 Bb7 19. h3 h6 20. g4 Ne7 21. Ng3 Ng6
22. Qe3 Qc7 23. Bf1 Rc8 24. g5 hxg5 25. Qxg5 Qf4 26. Qxf4 Nxf4 27. Ne5 Red8 28.
Re3 Nd7 29. Nxd7 Rxd7 30. Rf3 Ng6 31. Re3 Rcd8 32. Ne2 Ne5 33. Bg2 Nc6 34. d5
exd5 35. Rxd5 Rxd5 36. exd5 Nb4 37. Re7 Bxd5 38. Rxa7 Bxg2 39. Kxg2 Rd2 40. Nc3
Nd3 41. Nxb5 Rxf2+ 42. Kg3 Rxb2 43. a4 Rb4 44. Nc3 Rb3 45. Nb5 Nc5+ 46. Kg4 c3
0-1

[Event "Ifjusagi csapatbajnoksag"]
[Site "Budapest"]
[Date "2015.08.27"]
[Round "3.46"]
[White "Bege, Mate"]
[Black "Berczi, Peter"]
[Result "1-0"]
[WhiteElo "1935"]
[BlackElo "1825"]
[PlyCount "55"]
[EventDate "2015.??.??"]

1. e4 c5 2. Nf3 d6 3. d4 cxd4 4. Qxd4 Nc6 5. Bb5 Bd7 6. Bxc6 Bxc6 7. Nc3 Nf6 8.
Bg5 e6 9. O-O-O h6 10. Bh4 Be7 11. Rhe1 Qa5 12. Kb1 O-O 13. Qd2 Rfd8 14. Nd4
Qc5 15. f3 b5 16. Bf2 b4 17. Nce2 Bf8 18. g4 Rac8 19. h4 Qa5 20. g5 hxg5 21.
hxg5 Nd7 22. g6 Ne5 23. gxf7+ Kxf7 24. Qf4+ Ke7 25. Bh4+ Kd7 26. Bxd8 Qxd8 27.
Qg3 a5 28. Nf4 1-0

[Event "Ifjusagi csapatbajnoksag"]
[Site "Budapest"]
[Date "2015.08.27"]
[Round "3.47"]
[White "Boa, Bence"]
[Black "Lengyel, Andrea"]
[Result "1/2-1/2"]
[WhiteElo "1724"]
[BlackElo "1780"]
[PlyCount "41"]
[EventDate "2015.??.??"]

1. d4 d5 2. c4 dxc4 3. e3 Nf6 4. Bxc4 a6 5. Nf3 e6 6. Nc3 c5 7. O-O Nc6 8. a4
Be7 9. Re1 O-O 10. dxc5 Bxc5 11. b3 b6 12. Bb2 Bb7 13. Qe2 Qe7 14. Red1 a5 15.
Rd2 Rfd8 16. Rad1 Rxd2 17. Rxd2 Rd8 18. h3 h6 19. Kf1 Bb4 20. Rxd8+ Qxd8 21.
Qc2 1/2-1/2

[Event "Ifjusagi csapatbajnoksag"]
[Site "Budapest"]
[Date "2015.08.28"]
[Round "4.1"]
[White "Antal, Tibor Kende"]
[Black "Csonka, Balazs"]
[Result "1/2-1/2"]
[WhiteElo "2351"]
[BlackElo "2410"]
[PlyCount "120"]
[EventDate "2015.??.??"]

1. Nf3 d5 2. g3 g6 3. Bg2 Bg7 4. d4 c6 5. O-O Nf6 6. b3 O-O 7. Bb2 Bf5 8. Nbd2
Ne4 9. Nh4 Nxd2 10. Qxd2 Be6 11. Rac1 Nd7 12. Rfd1 Nf6 13. Nf3 Ne4 14. Qe3 Qa5
15. a3 Rfe8 16. c4 Rad8 17. Ne5 Qb6 18. c5 Qc7 19. b4 Nf6 20. h3 Bf5 21. a4 Nd7
22. g4 Nxe5 23. dxe5 Be6 24. Bd4 f6 25. exf6 exf6 26. Qc3 Qe7 27. Rd3 f5 28.
Bxg7 Qxg7 29. Qxg7+ Kxg7 30. Rd4 g5 31. gxf5 Bxf5 32. e3 Be4 33. Rcd1 Bxg2 34.
Kxg2 Rb8 35. b5 Re7 36. Rb1 Rf8 37. bxc6 bxc6 38. Rdb4 Kg6 39. Rb7 Rff7 40.
Rxe7 Rxe7 41. a5 Re4 42. Rb7 Rc4 43. Rxa7 Rxc5 44. Rc7 Rxa5 45. Rxc6+ Kf5 46.
Rh6 Ra7 47. Kf3 Rd7 48. Ke2 d4 49. exd4 Rxd4 50. Rxh7 Ra4 51. Rf7+ Kg6 52. Rf3
Ra2+ 53. Kf1 Rb2 54. Kg2 Ra2 55. Rb3 Rc2 56. Rg3 Kf5 57. Rg4 Rc3 58. Ra4 Rb3
59. Ra5+ Kg6 60. Re5 Ra3 1/2-1/2

[Event "Ifjusagi csapatbajnoksag"]
[Site "Budapest"]
[Date "2015.08.28"]
[Round "4.2"]
[White "Dragnev, Valentin"]
[Black "Kaczur, Florian"]
[Result "0-1"]
[WhiteElo "2339"]
[BlackElo "2345"]
[PlyCount "120"]
[EventDate "2015.??.??"]

1. e4 e5 2. Nf3 Nc6 3. Bc4 Bc5 4. c3 Nf6 5. d3 a6 6. O-O Ba7 7. Bb3 d6 8. Nbd2
O-O 9. h3 Be6 10. Re1 h6 11. Nf1 Re8 12. Ng3 d5 13. Qe2 Qd7 14. Bc2 Rad8 15.
Kh2 dxe4 16. dxe4 Qe7 17. Kg1 Nd7 18. Nh2 Qh4 19. Qf3 g6 20. Bb3 h5 21. Bd5 Nc5
22. Be3 Bb6 23. Rad1 Na4 24. Bc1 Rd6 25. Rd2 Qe7 26. b3 Nxc3 27. Qxc3 Ba5 28.
Qf3 Bxd2 29. Bxd2 Nd4 30. Qc3 Bxd5 31. exd5 Rxd5 32. Ne4 Ne6 33. Nf3 f6 34. Kh2
Red8 35. Qe3 Rd3 36. Qe2 c5 37. Bc1 b6 38. g3 a5 39. Kg2 R3d5 40. Qc4 Kg7 41.
Bb2 Nd4 42. Nh4 f5 43. Nc3 R5d6 44. Nb5 Re6 45. Nxd4 cxd4 46. f4 Qb7+ 47. Kg1
Rc6 48. Qd3 e4 49. Bxd4+ Kh7 50. Qe3 Rcd6 51. Ba1 Rd3 52. Qf2 Rd2 53. Re2 Rd1+
54. Re1 R8d2 55. Qf1 Rxe1 56. Qxe1 Qd5 57. Ng2 Rd1 58. Bc3 Rxe1+ 59. Bxe1 Qd1
60. Kh2 Qc2 0-1

[Event "Ifjusagi csapatbajnoksag"]
[Site "Budapest"]
[Date "2015.08.28"]
[Round "4.3"]
[White "Dankhazi, Andras"]
[Black "Juhasz, Armin"]
[Result "1/2-1/2"]
[WhiteElo "2232"]
[BlackElo "2315"]
[PlyCount "29"]
[EventDate "2015.??.??"]

1. d4 e6 2. c4 Bb4+ 3. Bd2 a5 4. Nf3 Nf6 5. g3 d5 6. Bg2 dxc4 7. Qc2 Bxd2+ 8.
Qxd2 c6 9. a4 Ne4 10. Qc2 Nd6 11. Na3 Na6 12. Nxc4 Nb4 13. Qc3 Nxc4 14. Qxc4
O-O 15. O-O 1/2-1/2

[Event "Ifjusagi csapatbajnoksag"]
[Site "Budapest"]
[Date "2015.08.28"]
[Round "4.4"]
[White "Orosz, Andras"]
[Black "Benedeczky, Lehel"]
[Result "1-0"]
[WhiteElo "2281"]
[BlackElo "2111"]
[PlyCount "69"]
[EventDate "2015.??.??"]

1. c4 Nf6 2. Nf3 g6 3. Nc3 c5 4. d4 cxd4 5. Nxd4 Nc6 6. e4 d6 7. Be2 Bg7 8. Be3
O-O 9. O-O Nxd4 10. Bxd4 Be6 11. Qd2 Qd7 12. b3 Rfc8 13. Rad1 Bg4 14. f3 Be6
15. Bd3 b6 16. f4 Qb7 17. f5 Bd7 18. Nd5 Nxd5 19. Bxg7 Kxg7 20. exd5 f6 21. Rf3
Rh8 22. Re1 Rae8 23. fxg6 hxg6 24. Qf4 Bc8 25. h4 Qd7 26. Rg3 Rh6 27. h5 e5 28.
dxe6 Rxe6 29. Rxe6 Qxe6 30. Bxg6 Qe1+ 31. Kh2 Rh8 32. Be8+ Kh7 33. Qxf6 Qxg3+
34. Kxg3 Rxe8 35. Qg6+ 1-0

[Event "Ifjusagi csapatbajnoksag"]
[Site "Budapest"]
[Date "2015.08.28"]
[Round "4.5"]
[White "Gal, Hanna Krisztina"]
[Black "Haszon, Kamilla Sara"]
[Result "1-0"]
[WhiteElo "2084"]
[BlackElo "2000"]
[PlyCount "85"]
[EventDate "2015.??.??"]

1. e4 c5 2. Nf3 Nc6 3. Bb5 g6 4. O-O Bg7 5. c3 Nf6 6. Re1 O-O 7. h3 Qb6 8. Bxc6
bxc6 9. d4 cxd4 10. cxd4 d5 11. e5 Ne4 12. Nc3 Bf5 13. Nh4 Be6 14. Na4 Qa5 15.
f3 Ng3 16. Nc5 Nf5 17. Nxe6 fxe6 18. Nxf5 exf5 19. Bg5 Rfe8 20. Qd2 Qb6 21.
Rac1 Rab8 22. b3 Qa6 23. h4 Rb5 24. h5 Qb6 25. h6 Bh8 26. Be3 a5 27. Rc2 Rb4
28. Rec1 Rc8 29. Rc5 Rb5 30. Qc3 Rxc5 31. Qxc5 Qxc5 32. Rxc5 Kf7 33. f4 Ke6 34.
Rxa5 g5 35. b4 Rb8 36. fxg5 Bxe5 37. dxe5 Kxe5 38. Ra7 f4 39. Rxe7+ Kf5 40.
Rf7+ Ke4 41. Bxf4 Rxb4 42. g6 hxg6 43. h7 1-0

[Event "Ifjusagi csapatbajnoksag"]
[Site "Budapest"]
[Date "2015.08.28"]
[Round "4.7"]
[White "Farkas, Richard"]
[Black "Ngo Tan, Don"]
[Result "1-0"]
[WhiteElo "2267"]
[BlackElo "2309"]
[PlyCount "83"]
[EventDate "2015.??.??"]

1. e4 c6 2. d4 d5 3. Nc3 dxe4 4. Nxe4 Bf5 5. Nc5 e5 6. Nxb7 Qe7 7. Na5 exd4+ 8.
Be2 Qb4+ 9. Bd2 Qxb2 10. Bd3 Bxd3 11. cxd3 Bb4 12. Nb3 Bxd2+ 13. Qxd2 Qxd2+ 14.
Kxd2 Ne7 15. Nf3 O-O 16. Rhe1 Nf5 17. g4 Nh6 18. h3 Na6 19. Nfxd4 c5 20. Nc6 f5
21. g5 Nf7 22. f4 c4 23. dxc4 Nd6 24. Rac1 Ne4+ 25. Ke3 Rf7 26. Red1 g6 27. h4
Kg7 28. Rd5 Rc7 29. Ne5 Re8 30. Rcd1 Ree7 31. Rd8 h6 32. gxh6+ Kxh6 33. Nd4 Nf6
34. Rd6 Ng4+ 35. Kf3 Nxe5+ 36. fxe5 Rxe5 37. Rxa6 Rxc4 38. h5 Rc3+ 39. Kf2 Rh3
40. Rxg6+ Kxh5 41. Rg8 Ree3 42. Rdg1 1-0

[Event "Ifjusagi csapatbajnoksag"]
[Site "Budapest"]
[Date "2015.08.28"]
[Round "4.8"]
[White "Grimm, Gyorgy"]
[Black "Marjanovics, Annamaria"]
[Result "1/2-1/2"]
[WhiteElo "2181"]
[BlackElo "2234"]
[PlyCount "34"]
[EventDate "2015.??.??"]

1. e4 c5 2. Nf3 d6 3. d4 cxd4 4. Nxd4 Nf6 5. Nc3 a6 6. Be3 e5 7. Nb3 Be6 8. f3
h5 9. Qd2 Nbd7 10. O-O-O Rc8 11. Nd5 Bxd5 12. exd5 Qc7 13. c4 Nb6 14. Kb1 g6
15. Rc1 Nbd7 16. g3 b6 17. Bh3 Bg7 1/2-1/2

[Event "Ifjusagi csapatbajnoksag"]
[Site "Budapest"]
[Date "2015.08.28"]
[Round "4.9"]
[White "Urhegyi, Marton"]
[Black "Medve, Mark"]
[Result "1-0"]
[WhiteElo "2156"]
[BlackElo "2088"]
[PlyCount "53"]
[EventDate "2015.??.??"]

1. e4 c5 2. c3 Nf6 3. e5 Nd5 4. d4 cxd4 5. Nf3 e6 6. cxd4 b6 7. Bd3 Qc7 8. O-O
Bb7 9. Bd2 d6 10. Nc3 Nxc3 11. Bxc3 Nd7 12. Rc1 Rc8 13. Bd2 Qb8 14. Qa4 Rxc1
15. Rxc1 a5 16. Bb5 Qd8 17. Bg5 f6 18. exf6 gxf6 19. Bxf6 Qxf6 20. Bxd7+ Kd8
21. Qc4 Bh6 22. Qc7+ Ke7 23. Bb5+ Kf8 24. Qb8+ Kg7 25. Qxb7+ Kg6 26. Qe4+ Kf7
27. Rc7+ 1-0

[Event "Ifjusagi csapatbajnoksag"]
[Site "Budapest"]
[Date "2015.08.28"]
[Round "4.10"]
[White "Wanger, Tamas"]
[Black "Polyik, Peter"]
[Result "0-1"]
[WhiteElo "2049"]
[BlackElo "2178"]
[PlyCount "78"]
[EventDate "2015.??.??"]

1. d4 d5 2. c4 e6 3. Nc3 c6 4. e3 Nf6 5. Nf3 Nbd7 6. Bd3 dxc4 7. Bxc4 b5 8. Bd3
Bb7 9. O-O a6 10. Ne2 c5 11. Ng3 Be7 12. b3 Rc8 13. dxc5 Nxc5 14. Be2 Nd5 15.
Bb2 Bf6 16. Bxf6 Qxf6 17. Qd4 Qxd4 18. Nxd4 g6 19. Bf3 e5 20. Nde2 Ke7 21. Ne4
Ne6 22. g3 f5 23. Nd2 e4 24. Bg2 Rc2 25. Rfd1 g5 26. a4 Rd8 27. Bf1 Nb4 28. Nd4
Nxd4 29. exd4 Rxd4 30. axb5 Rdxd2 31. Rxd2 Rxd2 32. bxa6 Ba8 33. Ra4 Nd3 34.
Ra5 Kf6 35. Rb5 Ne5 36. Rb6+ Ke7 37. Rb8 Nf3+ 38. Kh1 Rxf2 39. Bg2 e3 0-1

[Event "Ifjusagi csapatbajnoksag"]
[Site "Budapest"]
[Date "2015.08.28"]
[Round "4.11"]
[White "Kiss, Peter"]
[Black "Egyed, Judit"]
[Result "0-1"]
[WhiteElo "1966"]
[BlackElo "1981"]
[PlyCount "64"]
[EventDate "2015.??.??"]

1. e4 c5 2. Nf3 d6 3. c4 Nc6 4. Nc3 g6 5. d4 cxd4 6. Nxd4 Bg7 7. Be3 Nf6 8. Be2
O-O 9. O-O Nd7 10. Nxc6 bxc6 11. f4 c5 12. Qd2 Bb7 13. Bf3 Nb8 14. Rad1 Nc6 15.
e5 dxe5 16. Qd7 Qxd7 17. Rxd7 Rab8 18. Bxc5 Ba8 19. Bxc6 Bxc6 20. Rxe7 Rfc8 21.
Ba3 e4 22. Re1 Bf6 23. Nd5 Bxd5 24. cxd5 Bxe7 25. Bxe7 Rxb2 26. d6 Rd2 27. Bh4
f5 28. Bf2 a6 29. Be3 Rxd6 30. Re2 Rd3 31. Kf2 Kf7 32. Rb2 Rdc3 0-1

[Event "Ifjusagi csapatbajnoksag"]
[Site "Budapest"]
[Date "2015.08.28"]
[Round "4.12"]
[White "Egyed, Viktoria"]
[Black "Karacsonyi, Gellert"]
[Result "0-1"]
[WhiteElo "1980"]
[BlackElo "2013"]
[PlyCount "68"]
[EventDate "2015.??.??"]

1. e4 e6 2. d4 d5 3. Nc3 Bb4 4. e5 c5 5. a3 Bxc3+ 6. bxc3 Ne7 7. Qg4 cxd4 8.
Qxg7 Rg8 9. Qxh7 Qc7 10. Nf3 Qxc3+ 11. Nd2 Qxa1 12. Nb3 Qc3+ 13. Bd2 Qc7 14. f4
Nbc6 15. h4 Bd7 16. h5 O-O-O 17. h6 Nf5 18. Qxf7 Ng3 19. Rh3 Nxf1 20. Kxf1 Rgf8
21. Qg7 Qxe5 22. Qxe5 Nxe5 23. Ke1 Ng6 24. h7 e5 25. Rg3 Nxf4 26. Nc5 b6 27.
Nxd7 Kxd7 28. Rg7+ Kc6 29. g4 Rh8 30. Bxf4 exf4 31. g5 Kd6 32. g6 Ke6 33. Rf7
Rc8 34. Rxf4 Rc7 0-1

[Event "Ifjusagi csapatbajnoksag"]
[Site "Budapest"]
[Date "2015.08.28"]
[Round "4.13"]
[White "Terbe, Julianna"]
[Black "Markoja, Boris"]
[Result "0-1"]
[WhiteElo "2232"]
[BlackElo "2310"]
[PlyCount "54"]
[EventDate "2015.??.??"]

1. Nf3 c5 2. g3 g6 3. Bg2 Bg7 4. O-O Nc6 5. c4 d6 6. Nc3 Bf5 7. a3 Qd7 8. Re1
Nf6 9. d4 cxd4 10. Nxd4 Nxd4 11. Qxd4 O-O 12. Nd5 Nxd5 13. Qxd5 Rac8 14. Qxb7
Qxb7 15. Bxb7 Rxc4 16. Bg5 Rc7 17. e4 Bh3 18. Bd5 Bxb2 19. Ra2 Bg7 20. a4 Rb8
21. Ra3 e6 22. Ba2 Rc2 23. Be3 a5 24. Bb1 Rcb2 25. Bd3 R8b4 26. Rc1 Bd4 27. Bb5
Rb1 0-1

[Event "Ifjusagi csapatbajnoksag"]
[Site "Budapest"]
[Date "2015.08.28"]
[Round "4.14"]
[White "Zsirai, Peter"]
[Black "Berta, Sandor"]
[Result "1-0"]
[WhiteElo "2270"]
[BlackElo "2121"]
[PlyCount "91"]
[EventDate "2015.??.??"]

1. e4 c5 2. Nf3 Nc6 3. Bb5 g6 4. O-O Bg7 5. Re1 Nf6 6. c3 a6 7. Bf1 O-O 8. h3
e5 9. d4 d6 10. dxc5 dxc5 11. Qc2 Qe7 12. Be3 h6 13. Nbd2 Be6 14. Nc4 Nd7 15.
a4 Rac8 16. a5 f5 17. exf5 gxf5 18. Rad1 e4 19. Rd6 Nce5 20. Nfxe5 Nxe5 21. Qa4
Kh7 22. Red1 Rfd8 23. Rxd8 Rxd8 24. Rxd8 Qxd8 25. Nxe5 Bxe5 26. Bxc5 Qd5 27.
Qb4 Kg6 28. Bd4 Bd6 29. Qb6 Be7 30. c4 Qd7 31. Bc3 Bd8 32. Qc5 Bf6 33. Bxf6
Kxf6 34. b4 f4 35. Qf8+ Ke5 36. Qh8+ Kf5 37. Qxh6 Qd1 38. Qh7+ Ke5 39. Qxb7 f3
40. Qc7+ Kf6 41. Qf4+ Ke7 42. Qh4+ Kd7 43. Qxe4 fxg2 44. Qd3+ Qxd3 45. Bxd3
Bxh3 46. Be4 1-0

[Event "Ifjusagi csapatbajnoksag"]
[Site "Budapest"]
[Date "2015.08.28"]
[Round "4.15"]
[White "Marosi, Levente"]
[Black "Krstulovic, Alex"]
[Result "1/2-1/2"]
[WhiteElo "2212"]
[BlackElo "2119"]
[PlyCount "72"]
[EventDate "2015.??.??"]

1. e4 c5 2. c3 d5 3. exd5 Qxd5 4. d4 Nf6 5. Nf3 e6 6. Na3 Qd8 7. Bg5 Be7 8.
dxc5 Bxc5 9. Qxd8+ Kxd8 10. Rd1+ Ke7 11. Nc4 h6 12. Be3 Bxe3 13. Nxe3 Rd8 14.
Rxd8 Kxd8 15. Bb5 Bd7 16. Bxd7 Nbxd7 17. Ke2 Ke7 18. Rd1 Rd8 19. g3 Nc5 20.
Rxd8 Kxd8 21. Ne5 Ke7 22. N3c4 Nfd7 23. f3 Nxe5 24. Nxe5 f6 25. Nd3 Nd7 26. c4
Kd6 27. a3 g5 28. Ke3 f5 29. b4 b6 30. h3 h5 31. f4 gxf4+ 32. gxf4 e5 33. Nxe5
Nxe5 34. fxe5+ Kxe5 35. h4 a5 36. bxa5 bxa5 {Ke4+} 1/2-1/2

[Event "Ifjusagi csapatbajnoksag"]
[Site "Budapest"]
[Date "2015.08.28"]
[Round "4.16"]
[White "Felde, Bence"]
[Black "Terbe, Zsuzsanna"]
[Result "1/2-1/2"]
[WhiteElo "1930"]
[BlackElo "2103"]
[PlyCount "63"]
[EventDate "2015.??.??"]

1. d4 d5 2. Nf3 Nf6 3. e3 c5 4. c4 cxd4 5. exd4 Nc6 6. Nc3 g6 7. Be2 Bg7 8. O-O
dxc4 9. Bxc4 O-O 10. h3 Na5 11. Bd3 Be6 12. Qe2 Bd5 13. Be3 Rc8 14. Ne5 Nc6 15.
Rad1 a6 16. Rfe1 Qd6 17. Nxd5 Nxd5 18. Nxc6 Rxc6 19. Be4 Rc7 20. Qf3 Rd7 21.
Bg5 e6 22. Bh4 Qb4 23. Bxd5 exd5 24. Qg4 Rc7 25. Re2 Qa4 26. b3 Qb5 27. Rde1 h5
28. Qf4 Qc6 29. Bg5 Qc3 30. Bf6 Bxf6 31. Qxf6 Rc6 32. Qf4 1/2-1/2

[Event "Ifjusagi csapatbajnoksag"]
[Site "Budapest"]
[Date "2015.08.28"]
[Round "4.17"]
[White "Toth-Katona, Tamas"]
[Black "Haselbach, David"]
[Result "0-1"]
[WhiteElo "2026"]
[BlackElo "2053"]
[PlyCount "182"]
[EventDate "2015.??.??"]

1. e4 c5 2. Nc3 Nc6 3. g3 g6 4. Bg2 Bg7 5. d3 e6 6. Be3 d6 7. Qd2 h6 8. Nge2
Nge7 9. h4 Nd4 10. h5 Nec6 11. a3 Qb6 12. Rb1 Ne5 13. Kf1 Nef3 14. Qc1 g5 15.
b4 Qd8 16. bxc5 dxc5 17. Bxf3 Nxf3 18. Bxc5 b6 19. Be3 Bb7 20. Nb5 O-O 21. Nxa7
Rxa7 22. Bxb6 Qa8 23. Bxa7 Qxa7 24. Kg2 f5 25. Qe3 Nd4 26. Rxb7 Qxb7 27. Nxd4
Qd7 28. Ne2 Qd6 29. f4 g4 30. Rb1 Qxa3 31. Rb3 Qa2 32. exf5 exf5 33. Qe6+ Kh8
34. Qc4 Qa8+ 35. Kf2 Qf3+ 36. Ke1 Re8 37. d4 Qe4 38. Qd3 Bxd4 39. Qxe4 Rxe4 40.
Kd2 Bf2 41. Rb5 Re6 42. Rxf5 Rd6+ 43. Kc3 Rc6+ 44. Kb3 Rb6+ 45. Kc3 Rc6+ 46.
Kb3 Rb6+ 47. Ka2 Ra6+ 48. Kb2 Rb6+ 49. Kc1 Be3+ 50. Kd1 Rb1+ 51. Nc1 Rxc1+ 52.
Ke2 Bd4 53. Rd5 Bg7 54. Rd2 Kg8 55. Kd3 Rg1 56. Ke4 Rxg3 57. Kf5 Kh7 58. Re2
Rg1 59. c4 Rc1 60. Kxg4 Rxc4 61. Re7 Rc5 62. Ra7 Kg8 63. Ra8+ Bf8 64. Ra7 Bd6
65. Rd7 Bf8 66. Ra7 Rb5 67. Rd7 Bg7 68. Rc7 Bf6 69. Rc6 Kf7 70. Rc7+ Be7 71.
Rc6 Bf8 72. Rc7+ Ke6 73. Rc6+ Bd6 74. f5+ Ke5 75. f6 Rb4+ 76. Kh3 Rf4 77. Rc3
Kxf6 78. Rg3 Bf8 79. Rg6+ Ke5 80. Kg3 Rf1 81. Kh3 Rf3+ 82. Kg4 Rf4+ 83. Kg3 Rf1
84. Kh3 Ke4 85. Kg4 Rf7 86. Re6+ Kd5 87. Rg6 Rh7 88. Ra6 Bd6 89. Kf5 Bc5 90.
Ra5 Rg7 91. Kf4 Rg5 {Ke5+ Kd4+} 0-1